American history : the early year to 1877

This book on Egyptian agriculture and rural society combines new regional studies with national analysis of rural policy. It then looks at the growth goals and agribusiness strategy of the Egyptian government. It is based on agricultural exports, debates over water access, policies and conflicts, as...

全面介绍

Đã lưu trong:
书目详细资料
主要作者: Ritchie, Donald A.
其他作者: Broussard, Albert S.
格式: 图书
语言:Vietnamese
出版: New York  Glencoe/McGraw-Hill 1997
主题:
标签: 添加标签
没有标签, 成为第一个标记此记录!
Thư viện lưu trữ: Thư viện Trường Đại học Nam Cần Thơ
LEADER 01121nam a22002057a 4500
001 NCT_151974
008 230612b xxu||||| |||| 00| 0 vie d
999 |c 7862  |d 7862 
020 |a 0028223128 
082 0 4 |2 23rd ed.  |a 973  |b R598 
100 1 |a Ritchie, Donald A.  
245 1 0 |a American history   |b : the early year to 1877  |c  Donald A. Ritchie, Albert S. Broussard  
260 |a New York  |b  Glencoe/McGraw-Hill  |c 1997 
300 |a xxxviii, 794 p.  |b ill.  |c 29cm 
520 3 |a This book on Egyptian agriculture and rural society combines new regional studies with national analysis of rural policy. It then looks at the growth goals and agribusiness strategy of the Egyptian government. It is based on agricultural exports, debates over water access, policies and conflicts, as well as Egypt's long history of conflict in the agricultural sector. 
653 |a Tham khảo 
700 1 |a  Broussard, Albert S.  
942 |2 ddc  |c BK 
952 |0 0  |1 0  |2 ddc  |4 0  |6 973_000000000000000_R598  |7 0  |9 27857  |a 000001  |b 000001  |d 2023-06-12  |o 973 R598  |p TK.03433  |r 2023-06-12  |w 2023-06-12  |y BK 
980 |a Thư viện Trường Đại học Nam Cần Thơ